<?xml version="1.0" encoding="UTF-8"?>
<record
    xmlns:xsi="http://www.w3.org/2001/XMLSchema-instance"
    xsi:schemaLocation="http://www.loc.gov/MARC21/slim http://www.loc.gov/standards/marcxml/schema/MARC21slim.xsd"
    xmlns="http://www.loc.gov/MARC21/slim">

  <leader>04298nam a2200397 i 4500</leader>
  <controlfield tag="001">000011741</controlfield>
  <controlfield tag="003">DO-SdBNP</controlfield>
  <controlfield tag="005">20250624095821.0</controlfield>
  <controlfield tag="007">ta</controlfield>
  <controlfield tag="008">091027t1998    dr            001 j spa d</controlfield>
  <datafield tag="040" ind1=" " ind2=" ">
    <subfield code="a">DO-SdBNP</subfield>
    <subfield code="b">spa</subfield>
    <subfield code="c">BNPHU</subfield>
    <subfield code="e">rda</subfield>
  </datafield>
  <datafield tag="082" ind1=" " ind2="4">
    <subfield code="a">RD863.4408</subfield>
    <subfield code="b">A634c, 1998</subfield>
    <subfield code="2">22</subfield>
  </datafield>
  <datafield tag="245" ind1="0" ind2="0">
    <subfield code="a">Antolog&#xED;a del cuento psicol&#xF3;gico /</subfield>
    <subfield code="c">compilaci&#xF3;n, correci&#xF3;n y notas, Domingo Hern&#xE1;ndez Contreras ; pr&#xF3;logo, Antonio Zaglul Elm&#xFA;desi, Josefina Z&#xE1;iter de Zaglul.</subfield>
  </datafield>
  <datafield tag="250" ind1=" " ind2=" ">
    <subfield code="a">2a. ed.</subfield>
  </datafield>
  <datafield tag="264" ind1=" " ind2=" ">
    <subfield code="a">Santo Domingo :</subfield>
    <subfield code="b">Universitaria,</subfield>
    <subfield code="c">1998.</subfield>
  </datafield>
  <datafield tag="300" ind1=" " ind2=" ">
    <subfield code="a">xxii, 414 p&#xE1;ginas ;</subfield>
    <subfield code="c">22 cm.</subfield>
  </datafield>
  <datafield tag="336" ind1=" " ind2=" ">
    <subfield code="2">rdacontent</subfield>
    <subfield code="a">texto</subfield>
    <subfield code="b">txt</subfield>
  </datafield>
  <datafield tag="337" ind1=" " ind2=" ">
    <subfield code="2">rdamedia</subfield>
    <subfield code="a">sin mediaci&#xF3;n</subfield>
    <subfield code="b">n</subfield>
  </datafield>
  <datafield tag="338" ind1=" " ind2=" ">
    <subfield code="2">rdacarrier</subfield>
    <subfield code="a">volumen</subfield>
    <subfield code="b">nc</subfield>
  </datafield>
  <datafield tag="490" ind1=" " ind2=" ">
    <subfield code="a">Publicaciones Universidad Aut&#xF3;noma de Santo Domingo</subfield>
    <subfield code="v">844</subfield>
  </datafield>
  <datafield tag="490" ind1=" " ind2=" ">
    <subfield code="a">Literatura y Sociedad</subfield>
    <subfield code="v">20</subfield>
  </datafield>
  <datafield tag="500" ind1=" " ind2=" ">
    <subfield code="a">Incluye datos biogr&#xE1;ficos del autor en la contraportada</subfield>
  </datafield>
  <datafield tag="500" ind1=" " ind2=" ">
    <subfield code="a">Incluye referencias bibliogr&#xE1;ficas y notas al pie de las p&#xE1;ginas</subfield>
  </datafield>
  <datafield tag="505" ind1="0" ind2=" ">
    <subfield code="a">Pr&#xF3;logo -- Prefacio a la segunda edici&#xF3;n -- Introducci&#xF3;n -- Escritores precursores del cuento psicol&#xF3;gico : Fabio Fiallo / Ernesto de Anquises -- Manuel Antonio Pat&#xED;n Maceo / El sof&#xE1; -- Renato de Soto / Antojo femenino -- Jos&#xE9; Ram&#xF3;n L&#xF3;pez / El loco -- Manuel F. Cestero / La verdad es amarga como el Aloe -- Escritores de transici&#xF3;n del cuento psicol&#xF3;gico : Carmen Stengre / El ciempies -- Abiga&#xED;l Fern&#xE1;ndez Mej&#xED;a / El ab&#xFA;lico -- Ram&#xF3;n Marero Aristy / Una raz&#xF3;n -- Carmen Lara Fern&#xE1;ndez / El ladr&#xF3;n -- &#xC1;ngel A. Hern&#xE1;ndez Acosta / Mi amigo Pedro -- Juan A. Vicioso V. / Iron&#xED;as del destino -- Enrique Cotubanama Henr&#xED;quez / El p&#xE1;jaro -- Jos&#xE9; Mariano Sanz Lajara / Los pasos ven&#xED;an detr&#xE1;s -- S&#xF3;crates Nolasco / Don Sebasti&#xE1;n se entusiasma -- Freddy Miller Otero / El lago de los patos -- Tom&#xE1;s Hern&#xE1;ndez Franco / El presidente -- Lorenzo Justiniano Bobea / Contrariado -- Manuel de Jes&#xFA;s Troncoso de la Concha / Una decepci&#xF3;n -- Miguel &#xC1;ngel Jim&#xE9;nez / Honor trinitario.</subfield>
  </datafield>
  <datafield tag="505" ind1="0" ind2=" ">
    <subfield code="a">Escritores contempor&#xE1;neos del cuento psicol&#xF3;gico : Arturo Rodr&#xED;guez Fern&#xE1;ndez / El final de los h&#xE9;roes -- Virgilio D&#xED;az Grull&#xF3;n / Edipo -- Ren&#xE9; del Risco Berm&#xFA;dez / El cuarto -- Jos&#xE9; Rijo / Chito -- Armando Alm&#xE1;nzar Rodr&#xED;guez / Infancia feliz -- Efrain Castillo / Peque&#xF1;a historia de un honor -- Jos&#xE9; Alc&#xE1;ntara Alm&#xE1;nzar / La obsesi&#xF3;n de Eva -- Ricardo Rivera Aybar / Inocencia regres&#xF3; para quedarse -- Otto Oscar Milaneses / Avenida soledad y noche de callejas -- Virgilio D&#xED;az Ordones / Aquel hospital -- Bonaparte Gautreaux Pieyro / Esa maldita fila -- Pedro Peix / Pormenores de una servidumbre -- Iv&#xE1;n Garc&#xED;a / Vivir es buena raz&#xF3;n -- Jos&#xE9; Enrique Garc&#xED;a / Oficio de ocioso -- Margarita Vallejo / D&#xED;a de reyes -- Juan Bosch / El algarrobo -- Jos&#xE9; Fco. Del Rosario S&#xE1;nchez / C&#xED;rculo de absal&#xF3;n -- Ram&#xF3;n Lacay Polanco / El hijo -- &#xC1;ngel Rafael Lamarche / Pero &#xE9;l era as&#xED; -- Santiago Estrella Veloz / Un idiota -- Luis Mart&#xED;n G&#xF3;mez / Ana la princesa -- Virgilio Hoepelman / El perro del hortelano -- Mary Rosa Jim&#xE9;nez /Tan s&#xF3;lo unos lirios -- Hilma Contreras / El cumplea&#xF1;os de Vitalina -- &#xC1;ngela Hern&#xE1;ndez / Paradoja en los andenes -- Jos&#xE9; Ulises Franco / La tragedia de un hombre celoso -- N&#xE9;stor Caro / Un hombre de la calle -- Ram&#xF3;n Francisco / La moneda gastada -- Miguel Alfonseca / El hombre que cruza la esquina -- Daniel Baruc Espinal / V&#xED;spera de la v&#xED;spera -- Marcio Veloz Maggiolo /La f&#xE9;rtil agon&#xED;a del amor -- Roberto Marcalle Abreu / El min&#xFA;sculo infierno del se&#xF1;or Lucas -- Pedro Verg&#xE9;s / Intuici&#xF3;n femenina -- Di&#xF3;genes Valdez / Todo puede suceder un d&#xED;a -- Cuento hu&#xE9;sped -- Fernando S&#xE1;nchez Mart&#xED;nez / El gran pecado -- &#xED;ndice de autores -- Bibliograf&#xED;a -- &#xED;ndice general.</subfield>
  </datafield>
  <datafield tag="590" ind1=" " ind2=" ">
    <subfield code="a">Inventariado, 2019/VM</subfield>
  </datafield>
  <datafield tag="650" ind1=" " ind2="4">
    <subfield code="a">Cuentos dominicanos</subfield>
    <subfield code="x">Colecciones</subfield>
    <subfield code="9">503</subfield>
  </datafield>
  <datafield tag="650" ind1=" " ind2="0">
    <subfield code="a">Literatura dominicana.</subfield>
    <subfield code="9">67</subfield>
  </datafield>
  <datafield tag="650" ind1=" " ind2="4">
    <subfield code="a">Psicologia en la literatura</subfield>
    <subfield code="9">22123</subfield>
  </datafield>
  <datafield tag="651" ind1=" " ind2="4">
    <subfield code="a">Rep&#xFA;blica Dominicana</subfield>
    <subfield code="x">Antolog&#xED;as Literarias</subfield>
    <subfield code="9">22124</subfield>
  </datafield>
  <datafield tag="700" ind1="1" ind2=" ">
    <subfield code="a">Hern&#xE1;ndez Contreras, Domingo,</subfield>
    <subfield code="d">1963-</subfield>
    <subfield code="e">compilador</subfield>
    <subfield code="9">22125</subfield>
  </datafield>
  <datafield tag="700" ind1="1" ind2=" ">
    <subfield code="a">Zaglul, Antonio,</subfield>
    <subfield code="d">1920-1996</subfield>
    <subfield code="e">pr&#xF3;logo</subfield>
    <subfield code="9">69657</subfield>
  </datafield>
  <datafield tag="700" ind1="1" ind2=" ">
    <subfield code="a">Z&#xE1;tier de Zaglul, Josefina,</subfield>
    <subfield code="e">pr&#xF3;logo</subfield>
    <subfield code="9">27797</subfield>
  </datafield>
  <datafield tag="910" ind1=" " ind2=" ">
    <subfield code="a">Validado. Control de calidad MMOLINA</subfield>
  </datafield>
  <datafield tag="942" ind1=" " ind2=" ">
    <subfield code="2">ddc</subfield>
    <subfield code="c">LBS1</subfield>
  </datafield>
  <datafield tag="952" ind1=" " ind2=" ">
    <subfield code="0">0</subfield>
    <subfield code="1">0</subfield>
    <subfield code="2">ddc</subfield>
    <subfield code="5">6</subfield>
    <subfield code="7">0</subfield>
    <subfield code="8">DS</subfield>
    <subfield code="a">BNPHU</subfield>
    <subfield code="b">BNPHU</subfield>
    <subfield code="c">HD</subfield>
    <subfield code="d">2009-10-27</subfield>
    <subfield code="l">0</subfield>
    <subfield code="o">BNPHU DS RD863.44 A634c 1998</subfield>
    <subfield code="p">11741-30</subfield>
    <subfield code="r">2020-06-25</subfield>
    <subfield code="t">e. 3</subfield>
    <subfield code="w">2020-06-25</subfield>
    <subfield code="y">LBS1</subfield>
    <subfield code="Z">Pr&#xE9;stamo en sala</subfield>
  </datafield>
  <datafield tag="952" ind1=" " ind2=" ">
    <subfield code="0">0</subfield>
    <subfield code="1">0</subfield>
    <subfield code="2">ddc</subfield>
    <subfield code="5">1</subfield>
    <subfield code="7">0</subfield>
    <subfield code="8">PD</subfield>
    <subfield code="a">BNPHU</subfield>
    <subfield code="b">BNPHU</subfield>
    <subfield code="c">HD</subfield>
    <subfield code="d">2009-10-27</subfield>
    <subfield code="l">0</subfield>
    <subfield code="o">BNPHU PD RD863.4408 A634c 1998</subfield>
    <subfield code="p">11741-10</subfield>
    <subfield code="r">2020-06-25</subfield>
    <subfield code="w">2020-06-25</subfield>
    <subfield code="y">LBS1</subfield>
    <subfield code="Z">No se presta</subfield>
  </datafield>
  <datafield tag="952" ind1=" " ind2=" ">
    <subfield code="0">0</subfield>
    <subfield code="1">0</subfield>
    <subfield code="2">ddc</subfield>
    <subfield code="5">1</subfield>
    <subfield code="7">0</subfield>
    <subfield code="8">PD</subfield>
    <subfield code="a">BNPHU</subfield>
    <subfield code="b">BNPHU</subfield>
    <subfield code="c">HD</subfield>
    <subfield code="d">2009-10-27</subfield>
    <subfield code="l">0</subfield>
    <subfield code="o">BNPHU PD RD863.4408 A634c 1998</subfield>
    <subfield code="p">11741-20</subfield>
    <subfield code="r">2020-06-25</subfield>
    <subfield code="t">e. 2</subfield>
    <subfield code="w">2020-06-25</subfield>
    <subfield code="y">LBS1</subfield>
    <subfield code="Z">No se presta</subfield>
  </datafield>
  <datafield tag="952" ind1=" " ind2=" ">
    <subfield code="0">0</subfield>
    <subfield code="1">0</subfield>
    <subfield code="2">ddc</subfield>
    <subfield code="5">6</subfield>
    <subfield code="7">0</subfield>
    <subfield code="8">DS</subfield>
    <subfield code="a">BNPHU</subfield>
    <subfield code="b">BNPHU</subfield>
    <subfield code="c">HD</subfield>
    <subfield code="d">2024-01-10</subfield>
    <subfield code="e">Donaci&#xF3;n</subfield>
    <subfield code="l">0</subfield>
    <subfield code="o">BNPHU DS RD863.4408 A634c 1998</subfield>
    <subfield code="p">2024-0150</subfield>
    <subfield code="r">2024-01-10</subfield>
    <subfield code="t">e. 4</subfield>
    <subfield code="w">2024-01-10</subfield>
    <subfield code="y">LBS1</subfield>
  </datafield>
  <datafield tag="999" ind1=" " ind2=" ">
    <subfield code="c">11416</subfield>
    <subfield code="d">11416</subfield>
  </datafield>
</record>
